000
00297nam a22001457a 4500
008
230906b ||||| |||| 00| 0 eng d
020
_a
9780684809601
041
_a
eng
080
_a
34
082
_a
34MAS
100
_a
32
101
_a
JUR
245
_a
THE FIX
_c
MASSING.M
942
_2
udc
_c
BK
999
_c
60260
_d
60260